| 000 | 00525nam a2200193 4500 | ||
|---|---|---|---|
| 001 | 144398 | ||
| 003 | ES-MaACL | ||
| 005 | 20230906201017.0 | ||
| 007 | t| | ||
| 008 | 070214s1926 fr r ||||1| fre d | ||
| 100 | 1 |
_aSiguret, G. _9106321 |
|
| 245 | 1 | 0 |
_aReins / _cG. Siguret. |
| 260 |
_aParis : _bOctave Doin, _c1926. |
||
| 300 |
_a157 p. : _bil. ; _c16 cm. |
||
| 490 | 1 | _aCol. consultations journalières | |
| 830 | 0 |
_aCol. consultations journalières _9220668 |
|
| 852 |
_aES-MaACL _jE-1236 |
||
| 999 |
_c144398 _d144398 |
||